00574 2200217 4500001002100000005001700021008004100038020001800079035002400097040001200121090001900133100002000152245004400172250001000216260002700226300002900253650003200282850001200314990001500326990001500341YOGYA-0209000003715920090227025222.0 ind  a979-731-670-X 0010-020900000037159 aYOPDYOG a005.369bNur P aNURSANTI, retna aPengenalan autocad 2004cRatna Nursanti aCet.1 aYogyakartabAndic2005 axx, 372 hlmbilusc23 cm aAuto cad (Program komputer) aYOPDYOG a05B0010905 a05B0010906